| 000 | 00854cam a22002413a 4500 | ||
|---|---|---|---|
| 001 | 6631 | ||
| 003 | PGUSA | ||
| 005 | 20140828083135.0 | ||
| 008 | 041001s2004||||xxu|||||s|||||000 | eng d | ||
| 040 |
_aPGUSA _beng |
||
| 042 | _adc | ||
| 050 | 4 | _aN | |
| 100 | 1 |
_aPerry, Stella G. S. _q(Stella George Stern), _d1877-1956 |
|
| 245 | 1 | 4 |
_aThe Sculpture and Mural Decorations of the Exposition : _bA Pictorial Survey of the Art of the Panama-Pacific international exposition _h[electronic resource] / _cStella G. S. Perry |
| 260 |
_bProject Gutenberg, _c2004 |
||
| 506 | _aPublic domain in the USA. | ||
| 516 | _aElectronic text | ||
| 653 | _aPanama-Pacific International Exposition (1915 : San Francisco, Calif.) | ||
| 653 | _aSculpture, American | ||
| 830 | 0 |
_aProject Gutenberg _v6631 |
|
| 856 | 4 | 0 | _uhttp://www.gutenberg.org/ebooks/6631 |
| 942 | _cEB | ||
| 999 |
_c235951 _d235951 |
||